| 000 -LEADER |
| fixed length control field |
00398nam a22001337a 4500 |
| 008 - FIXED-LENGTH DATA ELEMENTS--GENERAL INFORMATION |
| fixed length control field |
240404b ||||| |||| 00| 0 eng d |
| 100 ## - MAIN ENTRY--PERSONAL NAME |
| Personal name |
Gupta, Krishna Kumar |
| 245 ## - TITLE STATEMENT |
| Title |
Interim budget 2024-25: Opportunities for cooperative sector |
| 260 ## - PUBLICATION, DISTRIBUTION, ETC. (IMPRINT) |
| Place of publication, distribution, etc |
The Cooperator |
| 300 ## - PHYSICAL DESCRIPTION |
| Extent |
61(8), Feb, 2024: p.6-9 |
| 650 ## - SUBJECT ADDED ENTRY--TOPICAL TERM |
| Topical term or geographic name as entry element |
Budget 2024-25 |
| 9 (RLIN) |
51522 |
| 906 ## - LOCAL DATA ELEMENT F, LDF (RLIN) |
| Subject DIP |
PUBLIC FINANCE |
| 942 ## - ADDED ENTRY ELEMENTS (KOHA) |
| Item type |
Articles |
| Source of classification or shelving scheme |
|